01435nam a22003614a 4500001001200000003000800012006001900020007001500039008004100054010001700095020001500112020002200127040002100149035002000170050002300190082002000213245015500233260003400388300002500422504005100447533015200498650003800650650003400688651005300722651002900775655002900804700003100833700002300864700002600887710001700913856012600930999001701056ebr10056177CaPaEBRm u cr cn|||||||||020918s2003 caua sb 001 0 eng  z 2002190880 z0833032925 z0833032895 (pbk.) aCaPaEBRcCaPaEBR a(OCoLC)5273302114aUA23b.N374 2003eb04a355/.03357322100aNew challenges, new tools for defense decisionmakingh[electronic resource] /c[edited by] Stuart E. Johnson, Martin C. Libicki, Gregory F. Treverton. aSanta Monica :bRand,cc2003. axxiv, 390 p. :bill. aIncludes bibliographical references and index. aElectronic reproduction.bPalo Alto, Calif. :cebrary,d2013.nAvailable via World Wide Web.nAccess may be limited to ebrary affiliated libraries. 0aNational securityzUnited States. 0aWorld politicsy21st century. 0aUnited StatesxMilitary policyxDecision making. 0aUnited StatesxDefenses. 7aElectronic books.2local1 aJohnson, Stuart E.,d1944-1 aLibicki, Martin C.1 aTreverton, Gregory F.2 aebrary, Inc.40uhttp://site.ebrary.com/lib/rucke/Doc?id=10056177zAn electronic book accessible through the World Wide Web; click to view c72507d72507